000 00754nam a22002417a 4500
005 20131004125223.0
008 090728t xxu||||| |||| 00| 0 pun d
010 _aPUN-7565
020 _c250.00
_a8186745092
035 _aPN-6683
037 _bDBAD / PUB
037 _bSatwant Book Agency
040 _adpl
_bpn
082 _a
100 _924414
_aਆਸ਼ਾ ਸਾਕੀ
245 _aਇੱਕ ਕਿੱਸੀ ਲੌ ਲਵਾਂ ਅੰਕਲ /
_cਆਸ਼ਾ ਸਾਕੀ
246 _aIk kissi le lavaan uncle
_bby Asha Saki
260 _aNew Delhi
_bSatwant Book Agency
_c2013
270 _bNew Delhi
300 4 _a160p.
_c22ਸੇਂਮੀ (ਸਜਿਲੱਦ)
942 _2ddc
_cPN
_h
_mਆਸ਼ਾਸਾ
999 _c79812
_d79812